Flagi państw z trzema poziomymi paskami - Statystyki

Ogólne statystyki
  • Ten quiz został rozwiązany 78 razy
  • Średni wynik to 12 z 13
Statystyki odpowiedzi
Obrazkowy Odpowiedź % Poprawnych
Litwa
100%
Niemcy
100%
Rosja
100%
Bułgaria
99%
Estonia
99%
Holandia
99%
Luksemburg
97%
Węgry
96%
Armenia
95%
Jemen
84%
Boliwia
76%
Gabon
70%
Sierra Leone
57%
Nie znaleziono quizów pasujących do podanych kryteriów
Rozkład punktacji
Procent ludzi z każdym wynikiem
Percentyl według liczby udzielonych odpowiedzi
Twoja historia wyników
Nie rozwiązałeś tego quizu